| 000 | 00689nab a2200229 a 4500 | ||
|---|---|---|---|
| 005 | 20210219161408.0 | ||
| 008 | 991125s1985 mx 000 0 spa u | ||
| 035 | _aUPN01000184408 | ||
| 100 | 1 | _aCañadas, María Consuelo | |
| 222 | _aINFANCIA Y APRENDIZAJE = | ||
| 222 | _bJOURNAL FOR THE STUDY OF EDUCATION AND DEVELOPMENT | ||
| 245 | _aUso de representaciones y generalización de la regla del producto | ||
| 260 | _aMadrid, España | ||
| 300 | _a409-425 | ||
| 362 | 0 | _a2011 Vol. 34, no. 4, nov. | |
| 653 | 0 | _aRESOLUCION DE PROBLEMAS | |
| 653 | 0 | _aRAZONAMIENTO INDUCTIVO | |
| 653 | 0 | _aDIAGRAMAS | |
| 700 | 1 | _aFigueiras, Lourdes | |
| 700 | 1 | _ecoaut. | |
| 905 | _aArticulo | ||
| 999 |
_c156511 _d156511 |
||